000 00443nam a2200181 a 4500
001 3748
003 CO-ViMGA
008 141112s2004 ck r 000 u spa d
040 _aCO-ViMGA
_bspa
_cCO-ViMGA
082 0 4 _a853.8 S153p
100 1 _aSalgari, Emilio
_95323
245 1 0 _aLos piratas de la malasia. Los estranguladores
250 _a4a
260 _a,
_c1990
300 _a246 P
650 1 4 _aNOVELA ITALIANA
_92688
942 _2ddc
_cBK
999 _c15770
_d15770